000 00414 a2200169 4500
001 157573
020 _a978-85-68849-19-4
040 _cEscola São Tomás de Aquino
100 _aMachado, Marinelva Bonassi
240 1 0 _avovô toni e a vida no sítio
_lpor
245 1 0 _avovô toni e a vida no sítio
300 _a36
362 0 _a2017
440 1 _aArcus
697 _aLITERATURA BRASILEIRA
942 _cBK
999 _c157573
_d157573